[Event "ODJM A 2023"]
[Site "Willingen GER"]
[Date "2023.05.29"]
[Round "3"]
[White "Koll, Linus"]
[Black "Mader, Fabian"]
[Result "1-0"]
[Termination "normal"]
[Board "13"]
[WhiteElo "2084"]
[BlackElo "1889"]
[WhiteClock "00:23:04"]
[BlackClock "00:13:18"]
[PlyCount "99"]
[WhiteFideId "12990299"]
[BlackFideId "16265866"]
[EventCountry "GER"]
[EventRounds "9"]
[EventType "swiss"]
[EventDate "2023.05.27"]

1. e4 {[%clk 01:30:59]} {[%emt 02:50:13]} c5 {[%clk 01:30:53]} {[%emt
00:00:10]} 2. Nf3 {[%clk 01:31:26]} {[%emt 00:00:04]} Nc6 {[%clk 01:31:18]}
{[%emt 00:00:11]} 3. d4 {[%clk 01:31:53]} {[%emt 00:00:07]} cxd4 {[%clk
01:31:43]} {[%emt 00:00:09]} 4. Nxd4 {[%clk 01:32:19]} {[%emt 00:00:06]} Nf6
{[%clk 01:32:04]} {[%emt 00:00:10]} 5. Nc3 {[%clk 01:32:44]} {[%emt 00:00:08]}
e5 {[%clk 01:32:27]} {[%emt 00:00:08]} 6. Ndb5 {[%clk 01:33:08]} {[%emt
00:00:07]} d6 {[%clk 01:32:51]} {[%emt 00:00:05]} 7. Bg5 {[%clk 01:33:34]}
{[%emt 00:00:02]} a6 {[%clk 01:33:15]} {[%emt 00:00:05]} 8. Na3 {[%clk
01:34:01]} {[%emt 00:00:04]} b5 {[%clk 01:33:39]} {[%emt 00:00:04]} 9. Nd5
{[%clk 01:34:25]} {[%emt 00:00:03]} Be7 {[%clk 01:34:02]} {[%emt 00:00:04]} 10.
Bxf6 {[%clk 01:34:52]} {[%emt 00:00:04]} Bxf6 {[%clk 01:34:27]} {[%emt
00:00:03]} 11. c4 {[%clk 01:35:18]} {[%emt 00:00:01]} b4 {[%clk 01:34:37]}
{[%emt 00:00:12]} 12. Nc2 {[%clk 01:35:44]} {[%emt 00:00:04]} O-O {[%clk
01:34:07]} {[%emt 00:01:00]} 13. h4 {[%clk 01:36:08]} {[%emt 00:00:05]} a5
{[%clk 01:32:13]} {[%emt 00:02:25]} 14. g3 {[%clk 01:36:03]} {[%emt 00:00:35]}
Be6 {[%clk 01:30:57]} {[%emt 00:01:46]} 15. Bh3 {[%clk 01:34:17]} {[%emt
00:02:16]} Rb8 {[%clk 01:24:33]} {[%emt 00:06:54]} 16. Kf1 {[%clk 01:27:05]}
{[%emt 00:07:41]} b3 {[%clk 01:18:06]} {[%emt 00:06:57]} 17. axb3 {[%clk
01:26:20]} {[%emt 00:01:15]} Rxb3 {[%clk 01:17:24]} {[%emt 00:01:12]} 18. Ra2
{[%clk 01:15:25]} {[%emt 00:11:24]} Qd7 {[%clk 01:08:20]} {[%emt 00:09:35]} 19.
Nxf6+ {[%clk 01:03:28]} {[%emt 00:12:28]} gxf6 {[%clk 01:08:42]} {[%emt
00:00:07]} 20. Bxe6 {[%clk 01:03:49]} {[%emt 00:00:09]} Qxe6 {[%clk 01:08:03]}
{[%emt 00:01:09]} 21. Qd5 {[%clk 00:58:55]} {[%emt 00:05:25]} Qg4 {[%clk
00:42:17]} {[%emt 00:26:15]} 22. Qxc6 {[%clk 00:41:54]} {[%emt 00:17:32]} Qf3
{[%clk 00:41:54]} {[%emt 00:00:52]} 23. Kg1 {[%clk 00:42:02]} {[%emt 00:00:21]}
Qd1+ {[%clk 00:41:14]} {[%emt 00:01:10]} 24. Kg2 {[%clk 00:40:13]} {[%emt
00:02:20]} Qxc2 {[%clk 00:41:18]} {[%emt 00:00:26]} 25. Rxa5 {[%clk 00:37:32]}
{[%emt 00:03:10]} Qe2 {[%clk 00:29:07]} {[%emt 00:12:42]} 26. Rf1 {[%clk
00:28:46]} {[%emt 00:09:16]} Qf3+ {[%clk 00:23:27]} {[%emt 00:06:10]} 27. Kg1
{[%clk 00:27:38]} {[%emt 00:01:38]} Rxb2 {[%clk 00:22:51]} {[%emt 00:01:06]}
28. Qxd6 {[%clk 00:22:33]} {[%emt 00:05:35]} Kg7 {[%clk 00:15:06]} {[%emt
00:08:16]} 29. Qd5 {[%clk 00:21:08]} {[%emt 00:01:55]} Re2 {[%clk 00:10:37]}
{[%emt 00:04:58]} 30. c5 {[%clk 00:17:11]} {[%emt 00:04:28]} Rg8 {[%clk
00:06:32]} {[%emt 00:04:34]} 31. Ra8 {[%clk 00:11:43]} {[%emt 00:05:58]} Rxa8
{[%clk 00:06:06]} {[%emt 00:00:56]} 32. Qxa8 {[%clk 00:12:09]} {[%emt
00:00:04]} Qxe4 {[%clk 00:06:25]} {[%emt 00:00:12]} 33. Qxe4 {[%clk 00:12:33]}
{[%emt 00:00:06]} Rxe4 {[%clk 00:06:52]} {[%emt 00:00:04]} 34. Rc1 {[%clk
00:12:59]} {[%emt 00:00:04]} Rd4 {[%clk 00:06:57]} {[%emt 00:00:24]} 35. c6
{[%clk 00:12:51]} {[%emt 00:00:39]} Rd8 {[%clk 00:07:19]} {[%emt 00:00:08]} 36.
c7 {[%clk 00:12:47]} {[%emt 00:00:34]} Rc8 {[%clk 00:07:45]} {[%emt 00:00:03]}
37. Kg2 {[%clk 00:05:57]} {[%emt 00:07:20]} Kg6 {[%clk 00:05:44]} {[%emt
00:02:31]} 38. Kf3 {[%clk 00:06:12]} {[%emt 00:00:15]} f5 {[%clk 00:05:21]}
{[%emt 00:00:54]} 39. Rc6+ {[%clk 00:04:44]} {[%emt 00:01:58]} Kh5 {[%clk
00:04:18]} {[%emt 00:01:34]} 40. Kg2 {[%clk 00:02:29]} {[%emt 00:02:44]} e4
{[%clk 00:02:34]} {[%emt 00:02:13]} 41. Kh3 {[%clk 00:27:34]} {[%emt 00:05:25]}
h6 {[%clk 00:29:05]} {[%emt 00:03:58]} 42. g4+ {[%clk 00:21:57]} {[%emt
00:06:08]} fxg4+ {[%clk 00:29:21]} {[%emt 00:00:14]} 43. Kg3 {[%clk 00:22:22]}
{[%emt 00:00:05]} f6 {[%clk 00:21:30]} {[%emt 00:08:21]} 44. Rc5+ {[%clk
00:22:20]} {[%emt 00:00:32]} Kg6 {[%clk 00:19:51]} {[%emt 00:02:09]} 45. Kxg4
{[%clk 00:22:05]} {[%emt 00:00:45]} f5+ {[%clk 00:17:26]} {[%emt 00:02:56]} 46.
Kf4 {[%clk 00:22:29]} {[%emt 00:00:06]} Kf6 {[%clk 00:14:02]} {[%emt 00:03:54]}
47. Rc6+ {[%clk 00:22:42]} {[%emt 00:00:18]} Ke7 {[%clk 00:14:02]} {[%emt
00:00:30]} 48. Kxf5 {[%clk 00:22:50]} {[%emt 00:00:21]} Kd7 {[%clk 00:14:16]}
{[%emt 00:00:17]} 49. Rc2 {[%clk 00:23:07]} {[%emt 00:00:12]} Re8 {[%clk
00:13:18]} {[%emt 00:01:27]} 50. c8=Q+ {[%clk 00:23:04]} {[%emt 00:00:34]} 1-0

[Event "ODJM A 2023"]
[Site "Willingen GER"]
[Date "2023.05.29"]
[Round "3"]
[White "Winkler, Yonathan"]
[Black "Frohnhäuser, Simon"]
[Result "1/2-1/2"]
[Termination "normal"]
[Board "14"]
[WhiteElo "2007"]
[BlackElo "1901"]
[WhiteClock "00:00:56"]
[BlackClock "00:01:49"]
[PlyCount "172"]
[WhiteFideId "16266080"]
[BlackFideId "16208528"]
[EventCountry "GER"]
[EventRounds "9"]
[EventType "swiss"]
[EventDate "2023.05.27"]

1. e4 {[%clk 01:30:57]} {[%emt 00:00:04]} c5 {[%clk 01:30:53]} {[%emt
00:00:09]} 2. Nf3 {[%clk 01:31:21]} {[%emt 00:00:09]} d6 {[%clk 01:31:19]}
{[%emt 00:00:09]} 3. d4 {[%clk 01:31:47]} {[%emt 00:00:09]} cxd4 {[%clk
01:31:45]} {[%emt 00:00:05]} 4. Nxd4 {[%clk 01:32:12]} {[%emt 00:00:07]} Nf6
{[%clk 01:32:12]} {[%emt 00:00:05]} 5. Nc3 {[%clk 01:32:33]} {[%emt 00:00:11]}
a6 {[%clk 01:32:39]} {[%emt 00:00:04]} 6. f3 {[%clk 01:32:52]} {[%emt
00:00:10]} e5 {[%clk 01:32:19]} {[%emt 00:00:33]} 7. Nb3 {[%clk 01:32:59]}
{[%emt 00:00:15]} Be6 {[%clk 01:32:43]} {[%emt 00:00:08]} 8. Be3 {[%clk
01:33:22]} {[%emt 00:00:06]} Be7 {[%clk 01:33:09]} {[%emt 00:00:04]} 9. Qd2
{[%clk 01:33:43]} {[%emt 00:00:09]} h5 {[%clk 01:33:36]} {[%emt 00:00:04]} 10.
a4 {[%clk 01:31:29]} {[%emt 00:02:43]} Nbd7 {[%clk 01:32:09]} {[%emt 00:01:57]}
11. a5 {[%clk 01:27:41]} {[%emt 00:04:17]} Rc8 {[%clk 01:29:44]} {[%emt
00:02:57]} 12. Nd5 {[%clk 01:25:01]} {[%emt 00:03:09]} Nxd5 {[%clk 01:30:10]}
{[%emt 00:00:05]} 13. exd5 {[%clk 01:25:23]} {[%emt 00:00:08]} Bf5 {[%emt
00:10:09]} 14. c4 {[%clk 01:15:38]} {[%emt 00:00:08]} h4 {[%clk 01:29:37]}
{[%emt 00:01:31]} 15. Rd1 {[%clk 01:05:07]} {[%emt 00:10:59]} e4 {[%clk
00:58:59]} {[%emt 00:31:09]} 16. Qc2 {[%clk 00:43:39]} {[%emt 00:21:59]} h3
{[%clk 00:54:45]} {[%emt 00:04:44]} 17. g3 {[%clk 00:39:04]} {[%emt 00:05:05]}
Ne5 {[%clk 00:53:56]} {[%emt 00:01:19]} 18. f4 {[%clk 00:27:56]} {[%emt
00:11:38]} Ng4 {[%clk 00:53:49]} {[%emt 00:00:37]} 19. Bd4 {[%clk 00:26:17]}
{[%emt 00:02:09]} Kf8 {[%clk 00:50:28]} {[%emt 00:03:51]} 20. Qc3 {[%clk
00:24:24]} {[%emt 00:02:22]} Bf6 {[%clk 00:43:59]} {[%emt 00:06:59]} 21. Be2
{[%clk 00:24:39]} {[%emt 00:00:16]} Bxd4 {[%clk 00:37:27]} {[%emt 00:07:03]}
22. Nxd4 {[%clk 00:23:56]} {[%emt 00:01:12]} Qd7 {[%clk 00:37:49]} {[%emt
00:00:08]} 23. O-O {[%clk 00:22:27]} {[%emt 00:01:58]} Nf6 {[%clk 00:35:57]}
{[%emt 00:02:23]} 24. Qa3 {[%clk 00:19:51]} {[%emt 00:03:07]} Bg4 {[%clk
00:31:43]} {[%emt 00:04:44]} 25. Qe3 {[%clk 00:18:29]} {[%emt 00:01:51]} Bxe2
{[%clk 00:30:21]} {[%emt 00:01:53]} 26. Qxe2 {[%clk 00:18:34]} {[%emt
00:00:24]} Qc7 {[%clk 00:24:09]} {[%emt 00:06:42]} 27. Qd2 {[%clk 00:18:34]}
{[%emt 00:00:30]} Re8 {[%clk 00:23:37]} {[%emt 00:01:02]} 28. Rc1 {[%clk
00:16:43]} {[%emt 00:02:21]} e3 {[%clk 00:18:44]} {[%emt 00:05:24]} 29. Qc3
{[%clk 00:17:02]} {[%emt 00:00:10]} Qe7 {[%clk 00:15:18]} {[%emt 00:03:57]} 30.
Qd3 {[%clk 00:11:59]} {[%emt 00:05:31]} Ng4 {[%clk 00:14:13]} {[%emt 00:01:36]}
31. Ne2 {[%clk 00:05:38]} {[%emt 00:06:52]} Nf2 {[%clk 00:10:58]} {[%emt
00:03:43]} 32. Qd4 {[%clk 00:05:39]} {[%emt 00:00:29]} Qd7 {[%clk 00:09:12]}
{[%emt 00:02:17]} 33. Qc3 {[%clk 00:02:13]} {[%emt 00:03:56]} Qf5 {[%clk
00:08:34]} {[%emt 00:01:08]} 34. Qc2 {[%clk 00:01:07]} {[%emt 00:01:37]} Qg4
{[%clk 00:06:20]} {[%emt 00:02:44]} 35. Nd4 {[%clk 00:01:36]} Re4 {[%clk
00:05:45]} {[%emt 00:01:07]} 36. Qe2 {[%clk 00:02:05]} Qg6 {[%clk 00:01:58]}
{[%emt 00:04:17]} 37. Nc2 {[%clk 00:01:13]} {[%emt 00:01:22]} Qg4 {[%clk
00:01:28]} {[%emt 00:01:01]} 38. Rce1 {[%clk 00:01:09]} {[%emt 00:00:33]} Qxe2
{[%clk 00:01:04]} {[%emt 00:00:54]} 39. Rxe2 {[%clk 00:01:37]} {[%emt
00:00:01]} Ng4 {[%clk 00:00:57]} {[%emt 00:00:38]} 40. b3 {[%clk 00:01:35]}
{[%emt 00:00:30]} Ke7 {[%clk 00:00:49]} {[%emt 00:00:40]} 41. Rd1 {[%clk
00:22:15]} {[%emt 00:09:50]} Kd7 {[%clk 00:29:04]} {[%emt 00:02:15]} 42. Rd3
{[%clk 00:21:07]} {[%emt 00:01:38]} Rhe8 {[%clk 00:29:22]} {[%emt 00:00:12]}
43. Ne1 {[%clk 00:20:25]} {[%emt 00:01:06]} Nh6 {[%clk 00:22:42]} {[%emt
00:07:15]} 44. Nf3 {[%clk 00:19:01]} {[%emt 00:01:56]} Nf5 {[%clk 00:21:28]}
{[%emt 00:01:43]} 45. Kf1 {[%clk 00:17:49]} {[%emt 00:01:42]} f6 {[%clk
00:21:08]} {[%emt 00:00:51]} 46. Ke1 {[%clk 00:17:22]} {[%emt 00:00:56]} Kc8
{[%clk 00:17:15]} {[%emt 00:04:24]} 47. Kd1 {[%clk 00:15:59]} {[%emt 00:01:52]}
Kb8 {[%clk 00:13:22]} {[%emt 00:04:24]} 48. Kc2 {[%clk 00:16:08]} {[%emt
00:00:20]} g5 {[%clk 00:12:39]} {[%emt 00:01:14]} 49. fxg5 {[%clk 00:14:25]}
{[%emt 00:02:13]} fxg5 {[%clk 00:13:04]} {[%emt 00:00:04]} 50. Kc3 {[%clk
00:11:29]} {[%emt 00:03:26]} g4 {[%clk 00:08:44]} {[%emt 00:04:51]} 51. Nd4
{[%clk 00:11:42]} {[%emt 00:00:16]} Ng7 {[%clk 00:08:33]} {[%emt 00:00:42]} 52.
Rd1 {[%clk 00:11:02]} {[%emt 00:01:11]} Rf8 {[%clk 00:03:10]} {[%emt 00:05:52]}
53. Kd3 {[%clk 00:10:17]} {[%emt 00:01:15]} Re5 {[%clk 00:03:21]} {[%emt
00:00:19]} 54. Rxe3 {[%clk 00:10:04]} {[%emt 00:00:43]} Rf2 {[%clk 00:03:47]}
{[%emt 00:00:04]} 55. Rd2 {[%clk 00:09:11]} {[%emt 00:01:24]} Rg2 {[%clk
00:02:35]} {[%emt 00:01:41]} 56. Ree2 {[%clk 00:09:23]} {[%emt 00:00:18]} Rexe2
{[%clk 00:02:17]} {[%emt 00:00:49]} 57. Rxe2 {[%clk 00:09:46]} {[%emt
00:00:07]} Nh5 {[%clk 00:02:31]} {[%emt 00:00:15]} 58. Rxg2 {[%clk 00:08:58]}
{[%emt 00:01:19]} hxg2 {[%clk 00:03:00]} {[%emt 00:00:01]} 59. Ne2 {[%clk
00:09:21]} {[%emt 00:00:06]} Nf6 {[%clk 00:03:20]} {[%emt 00:00:11]} 60. Ke3
{[%clk 00:09:38]} {[%emt 00:00:12]} Kc7 {[%clk 00:03:04]} {[%emt 00:00:49]} 61.
Kf2 {[%clk 00:10:02]} {[%emt 00:00:05]} b6 {[%clk 00:02:54]} {[%emt 00:00:40]}
62. Nc3 {[%clk 00:07:09]} {[%emt 00:03:23]} bxa5 {[%clk 00:03:01]} {[%emt
00:00:23]} 63. Kxg2 {[%clk 00:07:35]} {[%emt 00:00:05]} Kb6 {[%clk 00:03:20]}
{[%emt 00:00:11]} 64. Na4+ {[%clk 00:08:00]} {[%emt 00:00:05]} Kc7 {[%clk
00:03:43]} {[%emt 00:00:07]} 65. Kf2 {[%clk 00:07:46]} {[%emt 00:00:43]} Nd7
{[%clk 00:03:40]} {[%emt 00:00:34]} 66. Ke3 {[%clk 00:07:46]} {[%emt 00:00:29]}
Ne5 {[%clk 00:04:07]} {[%emt 00:00:04]} 67. Kf4 {[%clk 00:07:18]} {[%emt
00:00:57]} Kd7 {[%clk 00:03:51]} {[%emt 00:00:47]} 68. Kf5 {[%clk 00:06:23]}
{[%emt 00:01:25]} Nf3 {[%clk 00:02:36]} {[%emt 00:01:45]} 69. Kxg4 {[%clk
00:06:43]} {[%emt 00:00:10]} Nxh2+ {[%clk 00:03:03]} {[%emt 00:00:03]} 70. Kf5
{[%clk 00:05:01]} {[%emt 00:02:12]} Ke7 {[%clk 00:03:22]} {[%emt 00:00:11]} 71.
Nc3 {[%clk 00:04:57]} {[%emt 00:00:34]} Nf3 {[%clk 00:03:40]} {[%emt 00:00:12]}
72. Ne2 {[%clk 00:05:17]} {[%emt 00:00:10]} Kf7 {[%clk 00:02:46]} {[%emt
00:01:24]} 73. g4 {[%clk 00:05:11]} {[%emt 00:00:36]} Nd2 {[%clk 00:02:56]}
{[%emt 00:00:19]} 74. Nd4 {[%clk 00:05:29]} {[%emt 00:00:12]} a4 {[%clk
00:03:22]} {[%emt 00:00:05]} 75. bxa4 {[%clk 00:05:08]} {[%emt 00:00:50]} Nxc4
{[%clk 00:03:50]} {[%emt 00:00:03]} 76. g5 {[%clk 00:04:43]} {[%emt 00:00:55]}
Ne3+ {[%clk 00:03:11]} {[%emt 00:01:10]} 77. Ke4 {[%clk 00:04:56]} {[%emt
00:00:17]} Nc4 {[%clk 00:03:28]} {[%emt 00:00:13]} 78. Nc6 {[%clk 00:03:07]}
{[%emt 00:02:19]} Kg6 {[%clk 00:03:32]} {[%emt 00:00:26]} 79. Kd4 {[%clk
00:03:19]} {[%emt 00:00:17]} Nb6 {[%clk 00:02:53]} {[%emt 00:01:11]} 80. a5
{[%clk 00:02:58]} {[%emt 00:00:49]} Nd7 {[%clk 00:03:21]} {[%emt 00:00:03]} 81.
Ne7+ {[%clk 00:01:36]} {[%emt 00:01:52]} Kxg5 {[%clk 00:02:07]} {[%emt
00:01:44]} 82. Nc8 {[%clk 00:02:01]} {[%emt 00:00:05]} Nc5 {[%clk 00:02:23]}
{[%emt 00:00:15]} 83. Nxd6 {[%clk 00:01:20]} {[%emt 00:01:10]} Nb3+ {[%clk
00:02:52]} {[%emt 00:00:01]} 84. Ke5 {[%clk 00:01:15]} {[%emt 00:00:34]} Nxa5
{[%clk 00:03:11]} {[%emt 00:00:12]} 85. Ke6 {[%clk 00:01:11]} {[%emt 00:00:33]}
Kf4 {[%clk 00:01:49]} {[%emt 00:01:52]} 86. Nc8 {[%clk 00:00:56]} {[%emt
00:00:45]} Ke5+ {[%emt 00:00:15]} 1/2-1/2

[Event "ODJM A 2023"]
[Site "Willingen GER"]
[Date "2023.05.29"]
[Round "3"]
[White "Meyer, Emil"]
[Black "Eberhart, Erik"]
[Result "1/2-1/2"]
[Termination "normal"]
[Board "16"]
[WhiteElo "1825"]
[BlackElo "1764"]
[WhiteClock "00:50:45"]
[BlackClock "00:17:45"]
[PlyCount "79"]
[WhiteFideId "34625771"]
[BlackFideId "16239970"]
[EventCountry "GER"]
[EventRounds "9"]
[EventType "swiss"]
[EventDate "2023.05.27"]

1. e4 {[%clk 01:30:55]} {[%emt 00:00:05]} e5 {[%clk 01:30:57]} {[%emt
00:00:05]} 2. Nf3 {[%clk 01:31:22]} {[%emt 00:00:04]} Nc6 {[%clk 01:31:21]}
{[%emt 00:00:11]} 3. d4 {[%clk 01:31:48]} {[%emt 00:00:07]} exd4 {[%clk
01:31:38]} {[%emt 00:00:20]} 4. Nxd4 {[%clk 01:32:12]} {[%emt 00:00:06]} Bc5
{[%clk 01:32:00]} {[%emt 00:00:10]} 5. Be3 {[%clk 01:32:38]} {[%emt 00:00:06]}
Qf6 {[%clk 01:32:14]} {[%emt 00:00:13]} 6. c3 {[%clk 01:33:03]} {[%emt
00:00:05]} Nge7 {[%clk 01:32:33]} {[%emt 00:00:06]} 7. Bc4 {[%clk 01:33:27]}
{[%emt 00:00:04]} Ne5 {[%clk 01:32:55]} {[%emt 00:00:07]} 8. Be2 {[%clk
01:33:51]} {[%emt 00:00:03]} Qg6 {[%clk 01:32:46]} {[%emt 00:00:30]} 9. O-O
{[%clk 01:34:12]} {[%emt 00:00:09]} d6 {[%clk 01:32:51]} {[%emt 00:00:25]} 10.
Bh5 {[%clk 01:21:46]} {[%emt 00:12:56]} Qxe4 {[%clk 01:30:29]} {[%emt
00:02:52]} 11. Nd2 {[%clk 01:21:38]} {[%emt 00:00:38]} Qd3 {[%clk 01:30:51]}
{[%emt 00:00:08]} 12. Be2 {[%clk 01:19:59]} {[%emt 00:02:07]} Qg6 {[%clk
01:31:16]} {[%emt 00:00:06]} 13. Bh5 {[%clk 01:20:17]} {[%emt 00:00:12]} Qd3
{[%clk 01:31:42]} {[%emt 00:00:05]} 14. Be2 {[%clk 01:14:16]} {[%emt 00:06:31]}
Qg6 {[%clk 01:32:08]} {[%emt 00:00:05]} 15. Nb5 {[%clk 01:11:16]} {[%emt
00:03:30]} Bh3 {[%clk 01:18:59]} {[%emt 00:13:38]} 16. Bf3 {[%clk 01:11:19]}
{[%emt 00:00:27]} O-O {[%clk 01:07:11]} {[%emt 00:12:17]} 17. Nxc7 {[%clk
01:04:42]} {[%emt 00:07:07]} Nf5 {[%clk 00:59:46]} {[%emt 00:07:55]} 18. Nd5
{[%clk 01:02:53]} {[%emt 00:02:18]} Nxf3+ {[%clk 00:38:20]} {[%emt 00:21:57]}
19. Qxf3 {[%clk 01:03:15]} {[%emt 00:00:07]} Bg4 {[%clk 00:38:47]} {[%emt
00:00:04]} 20. Qxf5 {[%clk 01:03:22]} {[%emt 00:00:23]} Qxf5 {[%clk 00:38:47]}
{[%emt 00:00:31]} 21. Ne7+ {[%clk 01:03:46]} {[%emt 00:00:05]} Kh8 {[%clk
00:39:14]} {[%emt 00:00:03]} 22. Nxf5 {[%clk 01:04:08]} {[%emt 00:00:08]} Bxf5
{[%clk 00:39:41]} {[%emt 00:00:03]} 23. Rfe1 {[%clk 00:59:09]} {[%emt
00:05:29]} Rfe8 {[%clk 00:38:15]} {[%emt 00:01:56]} 24. Nf3 {[%clk 00:58:31]}
{[%emt 00:01:08]} Kg8 {[%clk 00:35:59]} {[%emt 00:02:47]} 25. Nd4 {[%clk
00:56:59]} {[%emt 00:02:01]} Bxd4 {[%clk 00:34:16]} {[%emt 00:02:13]} 26. Bxd4
{[%clk 00:56:38]} {[%emt 00:00:51]} a6 {[%clk 00:33:55]} {[%emt 00:00:51]} 27.
f3 {[%clk 00:56:11]} {[%emt 00:00:57]} f6 {[%clk 00:33:56]} {[%emt 00:00:29]}
28. Kf2 {[%clk 00:56:15]} {[%emt 00:00:26]} Kf7 {[%clk 00:34:19]} {[%emt
00:00:06]} 29. a4 {[%clk 00:53:15]} {[%emt 00:03:30]} Bd7 {[%clk 00:32:22]}
{[%emt 00:02:28]} 30. a5 {[%clk 00:53:18]} {[%emt 00:00:28]} Bc6 {[%clk
00:31:27]} {[%emt 00:01:24]} 31. Bb6 {[%clk 00:53:05]} {[%emt 00:00:43]} Rxe1
{[%clk 00:24:59]} {[%emt 00:06:58]} 32. Rxe1 {[%clk 00:53:29]} {[%emt
00:00:05]} Re8 {[%clk 00:25:11]} {[%emt 00:00:19]} 33. Rxe8 {[%clk 00:53:53]}
{[%emt 00:00:06]} Bxe8 {[%clk 00:25:13]} {[%emt 00:00:28]} 34. Ke3 {[%clk
00:52:45]} {[%emt 00:01:38]} Ke6 {[%clk 00:25:38]} {[%emt 00:00:05]} 35. Kd4
{[%clk 00:52:35]} {[%emt 00:00:39]} Bc6 {[%clk 00:25:03]} {[%emt 00:01:05]} 36.
b4 {[%clk 00:52:00]} {[%emt 00:01:05]} h5 {[%clk 00:23:06]} {[%emt 00:02:27]}
37. Bc7 {[%clk 00:51:12]} {[%emt 00:01:19]} g5 {[%clk 00:20:49]} {[%emt
00:02:46]} 38. h3 {[%clk 00:50:41]} {[%emt 00:01:02]} f5 {[%clk 00:17:21]}
{[%emt 00:03:58]} 39. Bd8 {[%clk 00:50:28]} {[%emt 00:00:43]} g4 {[%clk
00:17:45]} {[%emt 00:00:06]} 40. hxg4 {[%clk 00:50:45]} {[%emt 00:00:12]}
1/2-1/2

[Event "ODJM A 2023"]
[Site "Willingen GER"]
[Date "2023.05.29"]
[Round "3"]
[White "Kieselbach, Marvin"]
[Black "Kieselbach, Jannik"]
[Result "1-0"]
[Termination "normal"]
[Board "17"]
[WhiteElo "1850"]
[BlackElo "1765"]
[WhiteClock "00:02:47"]
[BlackClock "00:02:17"]
[PlyCount "69"]
[WhiteFideId "16235770"]
[BlackFideId "16246403"]
[EventCountry "GER"]
[EventRounds "9"]
[EventType "swiss"]
[EventDate "2023.05.27"]

1. Nf3 {[%clk 01:30:52]} {[%emt 00:00:10]} Nf6 {[%clk 01:30:52]} {[%emt
00:00:13]} 2. d4 {[%clk 01:29:29]} {[%emt 00:01:43]} d5 {[%clk 01:31:14]}
{[%emt 00:00:08]} 3. c4 {[%clk 01:29:48]} {[%emt 00:00:11]} e6 {[%clk
01:31:40]} {[%emt 00:00:04]} 4. g3 {[%clk 01:28:15]} {[%emt 00:02:03]} Be7
{[%clk 01:31:11]} {[%emt 00:00:59]} 5. Bg2 {[%clk 01:28:30]} {[%emt 00:00:15]}
O-O {[%clk 01:30:48]} {[%emt 00:00:53]} 6. O-O {[%clk 01:28:29]} {[%emt
00:00:33]} c6 {[%clk 01:26:05]} {[%emt 00:05:12]} 7. Nc3 {[%clk 01:27:27]}
{[%emt 00:01:32]} Nbd7 {[%clk 01:24:53]} {[%emt 00:01:42]} 8. Qd3 {[%clk
01:27:21]} {[%emt 00:00:36]} dxc4 {[%clk 01:21:07]} {[%emt 00:04:16]} 9. Qxc4
{[%clk 01:27:27]} {[%emt 00:00:25]} Nb6 {[%clk 01:18:26]} {[%emt 00:03:11]} 10.
Qd3 {[%clk 01:25:38]} {[%emt 00:02:19]} c5 {[%clk 01:15:21]} {[%emt 00:03:36]}
11. Rd1 {[%clk 01:10:48]} {[%emt 00:15:20]} cxd4 {[%clk 01:12:57]} {[%emt
00:02:53]} 12. Nxd4 {[%clk 01:06:51]} {[%emt 00:04:27]} Nbd5 {[%clk 00:55:03]}
{[%emt 00:18:24]} 13. Nxd5 {[%clk 01:02:14]} {[%emt 00:05:07]} exd5 {[%clk
00:52:19]} {[%emt 00:03:13]} 14. Nf5 {[%clk 00:55:41]} {[%emt 00:07:02]} Be6
{[%clk 00:47:14]} {[%emt 00:05:36]} 15. Bg5 {[%clk 00:50:01]} {[%emt 00:06:10]}
h6 {[%clk 00:34:50]} {[%emt 00:12:54]} 16. Nxe7+ {[%clk 00:39:02]} {[%emt
00:11:31]} Qxe7 {[%clk 00:34:51]} {[%emt 00:00:28]} 17. Bxf6 {[%clk 00:38:48]}
{[%emt 00:00:44]} Qxf6 {[%clk 00:35:13]} {[%emt 00:00:08]} 18. Qb3 {[%clk
00:26:58]} {[%emt 00:12:15]} Qe5 {[%clk 00:27:57]} {[%emt 00:07:49]} 19. Rd2
{[%clk 00:22:50]} {[%emt 00:04:38]} Rad8 {[%clk 00:20:36]} {[%emt 00:07:51]}
20. Rad1 {[%clk 00:22:36]} {[%emt 00:00:45]} b6 {[%clk 00:13:22]} {[%emt
00:07:44]} 21. Kf1 {[%clk 00:16:07]} {[%emt 00:06:58]} Rd6 {[%clk 00:05:24]}
{[%emt 00:08:28]} 22. Rd4 {[%clk 00:11:36]} {[%emt 00:05:00]} Rfd8 {[%clk
00:05:00]} {[%emt 00:00:54]} 23. Qb5 {[%clk 00:10:07]} {[%emt 00:01:58]} g6
{[%clk 00:02:27]} {[%emt 00:03:06]} 24. a4 {[%clk 00:06:02]} {[%emt 00:04:35]}
a5 {[%clk 00:01:25]} {[%emt 00:01:33]} 25. e4 {[%clk 00:04:49]} {[%emt
00:01:43]} Qf6 {[%clk 00:00:51]} {[%emt 00:01:04]} 26. f4 {[%clk 00:04:10]}
{[%emt 00:01:09]} Bd7 {[%clk 00:00:45]} {[%emt 00:00:37]} 27. Qe2 {[%clk
00:03:35]} {[%emt 00:01:02]} Re8 {[%clk 00:00:51]} {[%emt 00:00:26]} 28. e5
{[%clk 00:03:03]} {[%emt 00:01:02]} Qe7 {[%clk 00:01:19]} {[%emt 00:00:02]} 29.
Bxd5 {[%clk 00:02:55]} {[%emt 00:00:38]} Bh3+ {[%clk 00:01:11]} {[%emt
00:00:37]} 30. Kg1 {[%clk 00:02:58]} {[%emt 00:00:27]} Rdd8 {[%clk 00:01:20]}
{[%emt 00:00:21]} 31. Qd3 {[%clk 00:02:25]} {[%emt 00:01:01]} Qc5 {[%clk
00:01:09]} {[%emt 00:00:43]} 32. Qxg6+ {[%clk 00:02:45]} {[%emt 00:00:11]} Kh8
{[%clk 00:01:20]} {[%emt 00:00:18]} 33. Qxh6+ {[%clk 00:02:54]} {[%emt
00:00:21]} Kg8 {[%clk 00:01:50]} 34. Qg6+ {[%clk 00:02:38]} {[%emt 00:00:46]}
Kh8 {[%clk 00:02:17]} {[%emt 00:00:02]} 35. Qf6+ {[%clk 00:02:47]} {[%emt
00:00:21]} 1-0